| 000 | 01064nam a22002777a 4500 | ||
|---|---|---|---|
| 005 | 20101228111848.0 | ||
| 008 | 101228t xxu||||| |||| 00| 0 eng d | ||
| 010 | _aENG-101883 | ||
| 020 |
_a9780070704572 _c280.00 |
||
| 020 |
_a0070704570 _c280.00 |
||
| 035 | _aEN-85416 | ||
| 037 | _bDBAD / PUB | ||
| 040 |
_adpl _bEng |
||
| 082 | _a621.38 | ||
| 100 |
_aChakrabarti, Abhijit _925123 |
||
| 245 |
_aBasic electrical and electronics engineering -I / _cby Abhijit Chakrabarti [and] Sudipta Nath |
||
| 260 |
_aNew Delhi _bTata Mc-Graw Hill Publishing _c2011 |
||
| 270 |
_a7, West Patel Nagar _bNew Delhi _e110 008 |
||
| 300 |
_aVarious pagings _c23 cm (pbk) |
||
| 500 | _aAs per the new syllabus of WBUT effective 2010 | ||
| 650 |
_aElectrical engineering _925124 |
||
| 650 |
_aElectronics. _925125 |
||
| 700 |
_aNath, Sudipta _925126 |
||
| 942 |
_adpl _cEN _2ddc _h621.38 _mCHA |
||
| 999 |
_c49584 _d49584 |
||